=LDR 00000nam 2200000 4500 =001 INLIS000000000042149 =005 20160801181328.0 =006 =007 =008 ind =035 ##$$0010-101300000000071 =041 ##$$a ind =082 ##$$a 8x0.9 =090 ##$$a 8x0.9, Yus s =100 ##$$a Jusuf,Jumsari =245 ##$$a Hikayat raja syaif zulyazan, Jumsari Jusuf =260 ##$$a 1991 $b Jakarta =300 ##$$a iv, 23 cm =850 ##$$a NBPNMAT